El sector energia de Costa Rica en cifras: 1965 (1988/89)
Salvato in:
| Autore principale: | |
|---|---|
| Natura: | Libro |
| Lingua: | Spanish |
| Pubblicazione: |
San José, C.R. : Oficina de Publicaciones del ICE
1989
|
| Serie: | Publicación
|
| Soggetti: | |
| Tags: |
Aggiungi Tag
Nessun Tag, puoi essere il primo ad aggiungerne!!
|
MARC
| LEADER | 00000nam a2200000Ia 4500 | ||
|---|---|---|---|
| 003 | 000624 | ||
| 005 | 20221231143946.0 | ||
| 008 | 140114s9999 cr a 000 ||spa d | ||
| 040 | |c cru CEDI | ||
| 082 | |a 333.79 A444s | ||
| 100 | |a Alvarado Zumbado, Fernando |9 20551 | ||
| 245 | |a El sector energia de Costa Rica en cifras: 1965 (1988/89) | ||
| 260 | |a San José, C.R. : Oficina de Publicaciones del ICE |c 1989 | ||
| 300 | |a xiv, 168 páginas : ilustraciones, mapas ; 27 cm. | ||
| 440 | |a Publicación |n No.90 |9 20577 | ||
| 500 | |a A la cabeza de la portada: Dirección Sectorial de Energía. | ||
| 650 | |x RECURSOS ENERGETICOS - ESTADISTICAS |x ELECTRICIDAD - COSTA RICA - ESTADISTICAS |x CONSUMO DE ENERGIA - COSTA RICA - ESTADISTICAS |9 20578 | ||
| 942 | |2 ddc |c BK | ||
| 999 | |c 14819 |d 14819 | ||
